| 000 | 00505nam a2200157 a 4500 | ||
|---|---|---|---|
| 999 |
_c7949 _d7949 |
||
| 001 | 3345 | ||
| 003 | CDMR | ||
| 005 | 20241022134241.0 | ||
| 008 | 130130s1912||||||||||||||||||||||||||||d | ||
| 040 |
_aCDMR _bcat _cCDMR |
||
| 110 | 2 |
_9208 _aAsociación de la Prensa Diaria de Barcelona |
|
| 245 | 1 | 0 |
_aEstatutos, Reglamento de su Montepío, Lista de socios _c/ Asociación de la Prensa Diaria de Barcelona |
| 260 |
_aBarcelona : _bTalleres Gráficos Núñez, _c1932 |
||
| 300 | _a50 pàgines | ||
| 942 |
_cRES _2udc |
||